|
|
|
|
| LEADER |
00000cam a2200000 7i4500 |
| 001 |
0000009018 |
| 002 |
000009828 |
| 005 |
20000330.0 |
| 020 |
|
|
|a 983055094X
|
| 090 |
0 |
0 |
|a JF
|b RUB
|
| 100 |
0 |
|
|a Rubil Nur Afzan
|
| 245 |
1 |
0 |
|a Harimau! Harimau!
|c Rubil Nur Afzan
|
| 260 |
|
|
|a Petaling Jaya :
|b Penerbit Pinang ,
|c 1996
|
| 300 |
|
|
|a 11p. :
|b ill ;
|c 17cm.
|
| 490 |
0 |
|
|a Khazanah Bacaan Kanak-Kanak
|
| 650 |
0 |
0 |
|a Children's stories
|
| 999 |
|
|
|a 046016
|b BUKU
|c PINJAMAN
|e PERPUSTAKAAN KOMUNITI CAW KOTA DAMANSARA
|
| 999 |
|
|
|a 046017
|b BUKU
|c PINJAMAN
|e PERPUSTAKAAN KOMUNITI CAW KOTA DAMANSARA
|
| 999 |
|
|
|a 050093
|b BUKU
|c PINJAMAN
|e PERPUSTAKAAN KOMUNITI PETALING JAYA
|
| 999 |
|
|
|a 050095
|b BUKU
|c PINJAMAN
|e PERPUSTAKAAN KOMUNITI PETALING JAYA
|